| 000 | 00420 a2200109 4500 | ||
|---|---|---|---|
| 001 | ART_17463 | ||
| 005 | 20260410161820.0 | ||
| 008 | 260409a | ||
| 245 | 1 | 0 | _aLa suspención del jucio a prueba en los delitos tributarios. A propósito de la reforma establecida por la ley 26.735 |
| 100 | 1 | _aSemachowicz, Esteban D. | |
| 773 | 0 |
_tDoctrina Penal Tributaria y Económica _g- Nº 24 (ago. 2012) _wREV4317 |
|
| 999 |
_c22286 _d22286 |
||